At the Feet of a Himalayan Master: (Record no. 97275)
[ view plain ]
| 000 -LEADER | |
|---|---|
| fixed length control field | 00884nam a22002657a 4500 |
| 005 - DATE AND TIME OF LATEST TRANSACTION | |
| control field | 20250703170807.0 |
| 010 ## - LCCN (DPL NO) | |
| LC control number | ENG-114131 ENG-141743 ENG-143164 ENG-145666 |
| 020 ## - INTERNATIONAL STANDARD BOOK NUMBER | |
| Terms of availability | 250.00 |
| International Standard Book Number | 9788176212588 (v.2) |
| 020 ## - INTERNATIONAL STANDARD BOOK NUMBER | |
| Terms of availability | 280.00 |
| International Standard Book Number | 9788188157792 (v.5) |
| 020 ## - INTERNATIONAL STANDARD BOOK NUMBER | |
| Terms of availability | 250.00 |
| International Standard Book Number | 9788176212595 (v.3) |
| 020 ## - INTERNATIONAL STANDARD BOOK NUMBER | |
| Terms of availability | 350.00 |
| International Standard Book Number | 9788188157723(v.4) |
| 035 ## - SYSTEM CONTROL NUMBER | |
| System control number | EN-97664 |
| 035 ## - SYSTEM CONTROL NUMBER | |
| System control number | EN-126696 |
| 035 ## - SYSTEM CONTROL NUMBER | |
| System control number | EN-125275 |
| 035 ## - SYSTEM CONTROL NUMBER | |
| System control number | EN-129198 |
| 037 ## - SOURCE OF ACQUISITION | |
| Source of stock number/acquisition | DBAD |
| 245 ## - TITLE STATEMENT | |
| Title | At the Feet of a Himalayan Master: |
| Remainder of title | Remembering Swami Rama/ |
| Statement of responsibility, etc | Edited by Prakash Keshaviah |
| 260 ## - PUBLICATION, DISTRIBUTION, ETC. (IMPRINT) | |
| Place of publication, distribution, etc | New Delhi |
| Name of publisher, distributor, etc | Full Circle Publishing |
| Date of publication, distribution, etc | 2010 |
| 270 ## - ADDRESS | |
| Address | J-40, Jor Bagh Lane, |
| City | New Delhi |
| Postal code | 110003 |
| 300 ## - PHYSICAL DESCRIPTION | |
| Extent | V.2(xiii,297p.; xvii,219p.) |
| Dimensions | 17cm(pbk) |
| 490 ## - SERIES STATEMENT | |
| Volume number/sequential designation | Vol 2, Vol 3 Vol 4 |
| 500 ## - GENERAL NOTE | |
| General note | Include glossary |
| 700 ## - ADDED ENTRY--PERSONAL NAME | |
| Personal name | Keshaaviah, Prakash |
| 9 (RLIN) | 70249 |
| 942 ## - ADDED ENTRY ELEMENTS (KOHA) | |
| Source of classification or shelving scheme | Dewey Decimal Classification |
| Item type | English Books |
| Call number suffix | FEE |
| Withdrawn status | Lost status | Materials specified (bound volume or other part) | Not for loan | Collection code | Home library | Current library | Date acquired | Source of acquisition | Cost, normal purchase price | Full call number | Barcode | Copy number | Cost, replacement price | Koha item type |
|---|---|---|---|---|---|---|---|---|---|---|---|---|---|---|
| VOL 5 | Non-fiction | Ashok Vihar | Ashok Vihar | 03/07/2025 | Delivery of Books Act Division | 280.00 | 294.5 FEE | EN-129198 | 1 | 280.00 | English Books | |||
| v.3 | Not For Loan | Non-fiction | D.B.Act.Division | D.B.Act.Division | 23/09/2015 | DBAD/PUB | 250.00 | 294.5 FEE | EN-97664 | 1 | 250.00 | English Books | ||
| VOL 4 | Non-fiction | Kadipur | Kadipur | 06/01/2025 | Delivery of Books Division | 350.00 | 294.5 FEE | EN-126696 | 1 | 350.00 | English Books | |||
| v.2 | Non-fiction | Shahdara Branch | Shahdara Branch | 23/09/2015 | DBAD | 250.00 | 294.5 FEE | EN-125275 | 1 | 250.00 | English Books |
